000 00794cam a2200265 4500
999 _c129941
_d129941
001 775739
003 ARRUPE
005 20191017102937.0
008 721218s1972 enk b 001 0 eng
010 _a 72195625
015 _aB72-21294
020 _a0198243782
040 _aDLC
_cDLC
_dDLC
050 0 0 _aB1618.C74
_bC75
082 0 0 _a192
245 0 0 _aCritical essays on the philosophy of R. G. Collingwood;
_cedited by Michael Krausz.
260 _aOxford,
_bClarendon Press,
_c1972.
300 _aix, 357 p.
_c23 cm.
350 _a£4.50
504 _aBibliography: p. 327-348.
600 1 0 _aCollingwood, R. G.
_q(Robin George),
_d1889-1943.
_923936
700 1 _aKrausz, Michael,
_d1942-
_919380
906 _a7
_bcbc
_corignew
_d3
_encip
_f19
_gy-gencatlg
942 _2lcc
_cMONOGRAPH